Countries bordering Germany - Statistics

General Stats
  • This quiz has been taken 19 times
  • The average score is 8 of 9
Answer Stats
Answer % Correct
4 Austria
95%
8 Belgium
95%
6 France
95%
9 Netherlands
95%
2 Poland
95%
5 Switzerland
95%
7 Luxemburg
89%
3 Czech Republic
84%
1 Denmark
84%
No matching quizzes found
Score Distribution
Percent of People with Each Score
Percentile by Number Answered
Your Score History
You have not taken this quiz